Języki urzędowe w państwach Azji - Statystyki

Ogólne statystyki
  • Ten quiz został rozwiązany 33 razy
    18 od ostatniego zresetowania
  • Średni wynik to 43 z 48
Statystyki odpowiedzi
Państwo Język % Poprawnych
Arabia Saudyjska Arabski
100%
Irak Arabski
100%
Jemen Arabski
100%
Jordania Arabski
100%
Katar Arabski
100%
Kuwejt Arabski
100%
Liban Arabski
100%
Oman Arabski
100%
Syria Arabski
100%
Chiny Chiński
100%
Filipiny Filipiński/Angielski
100%
Indie Hindi
100%
Japonia Japoński
100%
Kazachstan Kazachski/Rosyjski
100%
Kirgistan Kirgiski
100%
Korea Południowa Koreański
100%
Korea Północna Koreański
100%
Mongolia Mongolski
100%
Bahrajn Arabski
92%
Zjednoczone Emiraty Arabskie Arabski
92%
Gruzja Gruziński
92%
Indonezja Indonezyjski
92%
Malezja Malajski
92%
Nepal Nepalski
92%
Iran Perski
92%
Turcja Turecki
92%
Wietnam Wietnamski
92%
Bangladesz Bengalski
85%
Mjanma Birmański
85%
Tajwan Chiński
85%
Singapur Chiński/Malajski/Angielski
85%
Cypr Grecki/Turecki
85%
Izrael Hebrajski
85%
Kambodża Khmerski
85%
Brunei Malajski
85%
Tadżykistan Tadżycki
85%
Tajlandia Tajski
85%
Uzbekistan Uzbecki
85%
Azerbejdżan Azerski
77%
Malediwy Malediwski
77%
Armenia Ormiański
77%
Afganistan Paszto/Perski
77%
Sri Lanka Syngaleski/Tamilski
77%
Turkmenistan Turkmeński
77%
Pakistan Urdu/Angielski
69%
Laos Laotański
62%
Timor Wschodni Portugalski/Tetum
62%
Bhutan Dzongkha
38%
Nie znaleziono quizów pasujących do podanych kryteriów
Rozkład punktacji
Procent ludzi z każdym wynikiem
Percentyl według liczby udzielonych odpowiedzi
Twoja historia wyników
Nie rozwiązałeś tego quizu od ostatniego zresetowania